|
|
|
|
| LEADER |
01492nam a2200433 a 4500 |
| 001 |
000597945 |
| 003 |
CZ BrMZK |
| 005 |
20250729140520.0 |
| 007 |
ta |
| 008 |
020502s2002 xr e f cze d |
| 015 |
|
|
|a cnb001112923
|
| 020 |
|
|
|a 80-7226-625-X
|
| 035 |
|
|
|a (OCoLC)51185904
|
| 040 |
|
|
|a BOA001
|b cze
|
| 072 |
|
7 |
|a 004.4/.6
|x Programování. Software
|2 Konspekt
|9 23
|
| 080 |
|
|
|a 004.451.9NetWare
|2 MRF
|
| 080 |
|
|
|a 004.451
|2 MRF
|
| 080 |
|
|
|a (035)
|2 MRF
|
| 100 |
1 |
|
|a Přichystal, Oldřich,
|d 1950-
|7 jn19990209697
|4 aut
|
| 245 |
1 |
0 |
|a Novell NetWare 6 :
|b podrobná příručka /
|c Oldřich Přichystal
|
| 250 |
|
|
|a Vyd. 1.
|
| 260 |
|
|
|a Praha :
|b Computer Press,
|c 2002
|
| 300 |
|
|
|a xv, 522 s. :
|b il. ;
|c 23 cm +
|e [1] CD-ROM
|
| 490 |
1 |
|
|a Komunikace & sítě
|
| 490 |
1 |
|
|a Všechny cesty k informacím
|
| 490 |
1 |
|
|a Pro každého uživatele
|
| 504 |
|
|
|a Obsahuje rejstříky
|
| 650 |
0 |
7 |
|a Novell NetWare 6 (operační systém)
|7 ph127756
|2 czenas
|
| 650 |
0 |
7 |
|a operační systémy
|7 ph115593
|2 czenas
|
| 650 |
0 |
9 |
|a Novell NetWare 6 (operating system)
|2 eczenas
|
| 650 |
0 |
9 |
|a operating systems
|2 eczenas
|
| 655 |
|
7 |
|a příručky
|7 fd133209
|2 czenas
|
| 655 |
|
9 |
|a handbooks and manuals
|2 eczenas
|
| 830 |
|
0 |
|a Komunikace & sítě
|
| 830 |
|
0 |
|a Všechny cesty k informacím
|
| 830 |
|
0 |
|a Pro každého uživatele
|
| 910 |
|
|
|a BOA001
|b 2-1103.220
|
| 990 |
|
|
|a BK
|
| 996 |
6 |
|
|b 2610161190
|c 2-1103.220
|l MZK
|r Sklad / do 1 hodiny
|n 0
|p p.v.
|w 000597945
|u 000010
|a 1
|e BOA001
|j MZK50
|s P
|